Missing Word: St. Patrick's Day Quiz Stats

 Plays Quiz Updated Mar 17, 2019

Score 0/14 Timer 02:00
0 Plays Today
Hint Missing Word % Correct
Shamrock, three-leaved____Clover
98.4%
Leprechaun's ____ of GoldPot
96.8%
St. ____, Patron Saint of IrelandPatrick
94.3%
The ____ of the IrishLuck
94.3%
Notre ____ Fighting IrishDame
93.6%
The Blarney ____Stone
88.2%
Baileys Irish ____ Cream
86.3%
Hint Missing Word % Correct
____ Travels, by Jonathan SwiftGulliver's
85.8%
The Emerald ____ Isle
84.9%
Irish Republican ____ Army
77.3%
Lucky Charms' mascot: Lucky the ____ Leprechaun
77%
Irish Eyes Are ____ (1944 film)Smiling
71.5%
____ go BraghErin
67.8%
Celtic ____, Irish musical instrumentHarp
55%

Today's Daily Dose

Missing Word
1940s A-Z

Quick Pick
'S' Athletes

Get the Picture
Depp or Bonham Carter

You're not logged in!

Compare scores with friends on all Sporcle quizzes.
OR
Log In

Sporcle TV

Today on Sporcle TV


Watch our educational content, quiz creation guides, and fun videos on Sporcle TV.

Show Comments

Extras

Top Quizzes Today


Score Distribution

Your Account Isn't Verified!

In order to create a playlist on Sporcle, you need to verify the email address you used during registration. Go to your Sporcle Settings to finish the process.

Report this User

Report this user for behavior that violates our Community Guidelines.

Details: